The life cycle of Fritillaria meleagris L. with regard to its vitality and reproduction on the protected locality Pstruša Pstruša.)

Bibliographic Details
Main Authors: Križo, Milan, 1928-2021 (Author), Pavlenda, Pavel, 1965- (Author), Bies, Roman (Author)
Format: Article
Language:English
PhysicalDescription:Obr. 12. Res. slov., nem., rus., lit. 7 zázn. v slov., češ., ruš.
Subjects:

MARC

LEADER 00000nab a2200000 a 4500
001 vtls000453816
003 SK-MaSNL
005 20260318124647.0
008 230223c1990 xo 0 eng
015 |a SNBRA19rr/mm-uuuuu 
035 |a CL0453947 
035 |a urn:nbn:sk:snk-abab8y 
035 |a (urnnbn)urn:nbn:sk:snk:ar-a09o5y 
035 |a (uuid)3f4ffe32-0f8a-40bc-8916-4703a2403d3e 
040 |a SNKBUCL  |b slo  |c SNKBUCL  |e AACR2 
041 0 |a eng 
044 |a xo  |c SK 
080 |a 582.57:581.1/.5  |2 1981 
080 |a 581.1/.5  |2 1981 
080 |a 581.1  |2 1981 
080 |a 581.3  |2 1981 
080 |a 582.57  |2 1981 
100 1 |a Križo, Milan,  |d 1928-2021  |4 aut  |9 116904 
245 1 4 |a The life cycle of Fritillaria meleagris L. with regard to its vitality and reproduction on the protected locality Pstruša  |b Pstruša.)  |c Milan Križo, Pavel Pavlenda, Roman Bies 
300 |b Obr. 12. Res. slov., nem., rus., lit. 7 zázn. v slov., češ., ruš. 
650 0 7 |a korunkovka kráľovská  |2 snkbucl  |9 248397 
650 0 7 |a korunkovka strakatá  |2 snkbucl  |9 153259 
650 0 7 |a orgány generatívne  |2 snkbucl  |9 960608 
650 0 7 |a ontogenéza  |2 snkbucl  |9 22188 
650 0 7 |a morfogenéza  |2 snkbucl  |9 18595 
655 7 |a články zo zborníkov  |2 snkbucl  |9 166140 
700 1 |a Pavlenda, Pavel,  |d 1965-  |4 aut  |9 192280 
700 1 |a Bies, Roman  |4 aut  |9 9427 
773 0 |t Acta Facultatis forestalis Zvolen 32  |d Bratislava : Príroda, 1990  |g S. 9-22 
850 |a Slovenská národná knižnica v Martine  |a MTA001 
852 |a SNK  |b KIS3GCP 
958 |a RK 
958 |a NB 
958 |a OND 
958 |a EUIPO 
958 |a article13 
992 |a RZB 
999 |c 2561023  |d 2562953